Diccionario filosófico
Uloženo v:
| Hlavní autor: | |
|---|---|
| Médium: | Kniha |
| Jazyk: | španělština |
| Vydáno: |
Barcelona
Planeta
1997
|
| Vydání: | 1a. ed |
| Edice: | Booket
|
| Témata: | |
| Tagy: |
Přidat tag
Žádné tagy, Buďte první, kdo vytvoří štítek k tomuto záznamu!
|
MARC
| LEADER | 00000cam a2200000 a 4500 | ||
|---|---|---|---|
| 001 | UCF0067 | ||
| 003 | CL-VaPUC | ||
| 008 | 120427e19970000SP |||||||||||||||||spa|d | ||
| 020 | |a 8408021222 | ||
| 082 | 0 | 4 | |a 103 |b SAV |2 21 |
| 100 | 0 | |a Savater, Fernando |e author |9 561897 | |
| 245 | 1 | 0 | |a Diccionario filosófico |
| 250 | |a 1a. ed | ||
| 300 | |a 457 p | ||
| 942 | |c BK | ||
| 945 | |d 20120427 00:00:00 |a cmena | ||
| 260 | |a Barcelona |b Planeta |c 1997 | ||
| 650 | 0 | |a Diccionarios |9 256200 | |
| 650 | 0 | |a Filosofía |9 223554 | |
| 650 | 0 | |a Glosarios |9 261047 | |
| 583 | |a last modification |c 20120904 05:15:31 |k Rodrigo Vera | ||
| 490 | 0 | |a Booket | |
| 999 | |c 347571 |d 347569 | ||
| 952 | |0 0 |1 0 |4 0 |6 103_000000000000000_SAV_1997 |7 0 |8 A |9 448996 |a BIBEDU |b BIBEDU |d 2019-11-22 |i 4837533 |o 103 SAV 1997 |p 4837533 |r 2019-11-22 |w 2019-11-22 |y BK |k FIL | ||